Drammatico: epopee e grandi passioni (Record n. 83652)
[ formato base ]
| 000 -LEADER | |
|---|---|
| fixed length control field | 01245nam a2200289Ia 4500 |
| 001 - CONTROL NUMBER | |
| control field | C7488 |
| 003 - CONTROL NUMBER IDENTIFIER | |
| control field | IT-RoPAU |
| 008 - FIXED-LENGTH DATA ELEMENTS--GENERAL INFORMATION | |
| fixed length control field | 130308s9999 xx 000 0 und d |
| 040 ## - CATALOGING SOURCE | |
| Original cataloging agency | IT-RoPAU |
| 040 ## - CATALOGING SOURCE | |
| Transcribing agency | IT-RoPAU |
| 041 ## - LANGUAGE CODE | |
| Language code of text/sound track or separate title | ITALIANO |
| 100 ## - MAIN ENTRY--PERSONAL NAME | |
| Personal name | Cosulich Callisto |
| 100 ## - MAIN ENTRY--PERSONAL NAME | |
| Miscellaneous information | Codice Aut. SPICS: 7749 |
| 245 ## - TITLE STATEMENT | |
| Title | Drammatico: epopee e grandi passioni |
| 245 ## - TITLE STATEMENT | |
| Remainder of title | Capolavori raccontano un Secolo di Cinema (I) |
| 250 ## - EDITION STATEMENT | |
| Edition statement | 1a ed. |
| 260 ## - PUBLICATION, DISTRIBUTION, ETC. (IMPRINT) | |
| Place of publication, distribution, etc. | ALBA |
| 260 ## - PUBLICATION, DISTRIBUTION, ETC. (IMPRINT) | |
| Name of publisher, distributor, etc. | Periodici San Paolo |
| 260 ## - PUBLICATION, DISTRIBUTION, ETC. (IMPRINT) | |
| Date of publication, distribution, etc. | 1994 [1° Ed.:1994 - Ed.Ling.Originale:1994] |
| 300 ## - PHYSICAL DESCRIPTION | |
| Extent | "16 p. (prefazione: no ; testo: 16 [pagine: 213-228])" |
| 500 ## - GENERAL NOTE | |
| General note | Addio Lieto Fine. Schede e Note Critiche dei Film: L'Angelo Azzurro (1930)Di Josef Von Sternberg, Viale del Tramonto (1950) di Billy Wilder, via Colvento (1939) di Victor Fleming, da Qui All'Eternità (1953) di Fred Zinnemann, un Uomo da Marciapiede (1969) di John Schlesinger, Bird (1988) di Clint Eastwood. Marlene Dietrich la Diva della Passione, Amore Sullo sfondo delle Guerre, le signore del Cuore o le Grandi Dive. Serie D'Autore. Male Oscuro del Film Tedesco. |
| 650 ## - SUBJECT ADDED ENTRY--TOPICAL TERM | |
| Topical term or geographic name as entry element | GENERI CINEMATOGRAFICI |
| 650 ## - SUBJECT ADDED ENTRY--TOPICAL TERM | |
| Relator term | Codice materia Spics: 6810 |
| 942 ## - ADDED ENTRY ELEMENTS (KOHA) | |
| Koha item type | LIBRO |
| 957 ## - | |
| -- | 1 |
| 999 ## - SYSTEM CONTROL NUMBERS (KOHA) | |
| -- | 1 |
| Withdrawn status | Lost status | Damaged status | Not for loan | Home library | Current library | Date acquired | Total Checkouts | Full call number | Date last seen | Price effective from | Koha item type | Public note |
|---|---|---|---|---|---|---|---|---|---|---|---|---|
| Buone Condizioni | Not For Loan | SPICS-MEDIATECA | SPICS-MEDIATECA | 08/03/2013 | C7488 | 08/03/2013 | 08/03/2013 | LIBRO | Progressivo inserimento: 39018 / N. Volumi: 0 [=Contributo] Copie: 1 / data import: 1 marzo 2013 - By Epidotti, Trombetti, Vaglietti. |